[Event "Isle of Man Open"]
[Site "Douglas"]
[Date "25.10.2018"]
[Round "6.63"]
[White "Demeter, Dorina"]
[Black "Munguntuul, Batkhuyag"]
[Result "0-1"]
[WhiteTitle "WFM"]
[BlackTitle "IM"]
[WhiteElo "2064"]
[BlackElo "2422"]
[WhiteFideId "778079"]
[BlackFideId "4900758"]
[EventDate "2018.10.20"]

1. d4 Nf6 2. c4 c5 3. d5 e6 4. Nc3 exd5 5. cxd5 d6 6. Nf3 g6 7. Nd2 Bg7 8. e4
O-O 9. Be2 Re8 10. O-O Nbd7 11. a4 Ne5 12. Qc2 Bg4 13. Bxg4 Nfxg4 14. h3 Nh6 15.
f4 Neg4 16. Nf3 Bd4+ 17. Nxd4 cxd4 18. Nd1 Ne3 19. Nxe3 dxe3 20. Bxe3 Qe7 21. f5
Nxf5 22. exf5 Qxe3+ 23. Qf2 Qxf2+ 24. Rxf2 Rac8 25. fxg6 hxg6 26. Ra3 Re1+ 27.
Kh2 Rd1 28. Re3 Rc7 29. Rfe2 Rxd5 30. Re7 Rdc5 31. Re8+ Kg7 32. Rd8 Rc2 33. Rxc2
Rxc2 34. Rxd6 Rxb2 35. a5 a6 36. Kg3 Rb5 37. Rd7 g5 38. h4 gxh4+ 39. Kxh4 Kg6
40. Rd6+ f6 41. Rd7 Rb4+ 42. Kg3 Kg5 43. Rd5+ f5 44. Rc5 Rb5 45. Rc7 Rb3+ 46.
Kf2 Kf4 47. Rc4+ Ke5 48. Rc5+ Ke4 49. Rc4+ Kd5 50. Rc7 Rb5 51. Kf3 Kd6 52. Rf7
Kc6 53. Rf6+ Kc7 54. Rf7+ Kb8 55. Rf8+ Ka7 56. Kf4 Rxa5 57. Rxf5 Rxf5+ 58. Kxf5
a5 59. g4 a4 60. g5 a3 61. g6 a2 62. g7 a1=Q 63. g8=Q Qd4 64. Qa2+ Kb6 65. Qb3+
Kc6 66. Qe6+ Kc7 67. Qb3 b6 68. Qc2+ Kd6 69. Qb1 Kc6 70. Qe1 Qd5+ 71. Kf6 b5 72.
Qc3+ Kb6 73. Qe3+ Qc5 74. Qb3 b4 75. Qb1 Kb5 76. Qd3+ Qc4 77. Qb1 b3 78. Ke5 Kb4
79. Kd6 Qc2 80. Qe1+ Qc3 81. Qe4+ Ka3 82. Qa8+ Kb2 83. Qg2+ Kc1 84. Qf1+ Kc2 85.
Ke6 b2 86. Qe2+ Kb3 87. Qb5+ Ka2 88. Qa6+ Qa3 89. Qe2 Qb3+ 90. Kf6 Qc3+ 91. Kf7
Qc7+ 92. Kf6 Qd6+ 93. Kg7 Ka1 94. Qe1+ b1=Q 95. Qa5+ Kb2 96. Qb5+ Ka2 97. Qa4+
Qa3 98. Qc4+ Qbb3 99. Qe2+ Qab2+ 100. Qxb2+ Kxb2 0-1

[Event "Isle of Man Open"]
[Site "Douglas"]
[Date "25.10.2018"]
[Round "6.64"]
[White "Dushyant, Sharma"]
[Black "Cramling, Pia"]
[Result "0-1"]
[WhiteTitle "FM"]
[BlackTitle "GM"]
[WhiteElo "2289"]
[BlackElo "2465"]
[WhiteFideId "25065130"]
[BlackFideId "1700030"]
[EventDate "2018.10.20"]

1. e4 c5 2. Nf3 e6 3. d4 cxd4 4. Nxd4 a6 5. Bd3 Nf6 6. O-O e5 7. Ne2 Bc5 8. h3
h6 9. c4 Nc6 10. Nbc3 d6 11. a3 O-O 12. Kh2 Be6 13. Nd5 Rc8 14. Ng3 Ng4+ 15. Kg1
Qh4 16. Nh1 Nf6 17. Nxf6+ Qxf6 18. Ng3 Qh4 19. Kh2 Bd4 20. Rb1 Rc7 21. b3 Rfc8
22. Bd2 Ba7 23. f4 exf4 24. Rxf4 Qe7 25. Kh1 Bd4 26. Nf5 Bxf5 27. Rxf5 Bf6 28.
Be3 Ne5 29. Be2 Re8 30. Bg1 g6 31. Rf1 Bg7 32. Qd2 Nd7 33. Bf3 Kh7 34. Rfe1 Be5
35. Qd5 Nf6 36. Qd3 Rec8 37. a4 h5 38. Be3 Nd7 39. Rf1 Nc5 40. Qe2 Kg7 41. Qd2
Ne6 42. a5 Qh4 43. Bf2 Qf6 44. Bb6 Qh4 45. Bf2 Qe7 46. Be3 Rc6 47. Qf2 Re8 48.
Rfd1 Qf6 49. Be2 Qxf2 50. Bxf2 Kf8 51. Bf3 Rcc8 52. Rd5 Nf4 53. Rd2 Ke7 54. Rbd1
Ne6 55. Rd5 f6 56. Kg1 Rc6 57. Be3 Rec8 58. Kf1 Nc5 59. Rb1 Kf7 60. Kf2 Re8 61.
Rdd1 Rc7 62. Rd5 h4 63. Kf1 Nd7 64. Rbd1 Nc5 65. Rb1 Re6 66. Bf2 Bg3 67. Bxc5
dxc5 68. Rbd1 Ree7 69. Ke2 Kg7 70. Kd3 Rc6 71. Kc2 Kh6 72. Rd7 Rc7 73. R7d5 Be5
74. Kd3 Rc6 75. Kc2 Rc8 76. Rd7 Rc7 77. R7d5 Kg5 78. R1d3 Rc6 79. Rd7 Rxd7 80.
Rxd7 b6 81. axb6 Rxb6 82. Rd8 Kf4 83. Rc8 Bd4 84. Rh8 Bf2 85. Rg8 g5 86. Rd8 Bd4
87. Rd5 Ke3 88. Rd7 Kf2 89. Rd8 Ke3 90. Rd7 Kf4 91. Rd8 Kg3 92. Rd7 Be5 93. Rd8
Rc6 94. Rd7 Rc8 95. Ra7 Rc6 96. Rd7 Re6 97. Rd8 Re7 98. Ra8 Rd7 99. Rxa6 Bf4
100. Ra2 Rd2+ 101. Kb1 Rd3 102. Kc2 Rxf3 103. gxf3 Kxh3 104. Ra6 Kg2 105. Rxf6
h3 106. Rh6 h2 107. e5 Bxe5 108. Kd3 Kxf3 109. Rh5 Bf4 0-1

[Event "Isle of Man Open"]
[Site "Douglas"]
[Date "25.10.2018"]
[Round "6.65"]
[White "Unuk, Laura"]
[Black "Hemant, Sharma2"]
[Result "0-1"]
[WhiteTitle "WIM"]
[BlackTitle "IM"]
[WhiteElo "2272"]
[BlackElo "2393"]
[WhiteFideId "14609215"]
[BlackFideId "5025842"]
[EventDate "2018.10.20"]

1. d4 d5 2. c4 e6 3. Nc3 Be7 4. e4 dxe4 5. Nxe4 Nf6 6. Nc3 O-O 7. Be3 Nbd7 8. g4
c5 9. g5 Ne8 10. Nf3 Nd6 11. h4 Nf5 12. Qd2 b5 13. Nxb5 Bb7 14. Rh3 cxd4 15.
Nfxd4 Nxe3 16. Rxe3 Bc5 17. O-O-O a6 18. Nd6 Bxd6 19. Nxe6 fxe6 20. Qxd6 Rxf2
21. Qxe6+ Kh8 22. Re2 Rf8 23. Rxd7 Rxf1+ 24. Kc2 Qc8 25. Red2 Rf8 26. R2d6 Bf3
27. b3 Bh5 28. Qe7 Rg8 29. Kc3 Qc5 30. b4 Qg1 31. Rd8 Raxd8 32. Qxd8 Qe1+ 33.
Kb3 Rxd8 34. Rxd8+ Be8 35. c5 Qe7 0-1

[Event "Isle of Man Open"]
[Site "Douglas"]
[Date "25.10.2018"]
[Round "6.66"]
[White "Arakhamia-Grant, Ketevan"]
[Black "Mannion, Stephen R"]
[Result "1/2-1/2"]
[WhiteTitle "GM"]
[BlackTitle "IM"]
[WhiteElo "2345"]
[BlackElo "2289"]
[WhiteFideId "13600168"]
[BlackFideId "2400111"]
[EventDate "2018.10.20"]

1. e4 e5 2. Nf3 Nf6 3. Nc3 Bb4 4. Bc4 Bxc3 5. dxc3 Nc6 6. O-O d6 7. h3 h6 8. Re1
O-O 9. a4 Be6 10. Bf1 Re8 11. c4 Nd7 12. a5 a6 13. g3 f5 14. exf5 Bxf5 15. c3
Nf6 16. Be3 Qd7 17. Kh2 Qf7 18. Nd2 e4 19. Be2 Ne5 20. g4 Bd7 21. Rg1 g5 22. b3
Ng6 23. Nf1 Nh4 24. Ng3 Bc6 25. Nf5 Nxf5 26. gxf5 Re5 27. Bg4 h5 28. Bxh5 Nxh5
29. Rxg5+ Ng7 30. Qg4 Rxf5 31. Rxg7+ Qxg7 32. Qxf5 Rf8 33. Qe6+ Kh7 34. Rg1 Qe5+
35. Qxe5 dxe5 36. Rg5 Re8 37. h4 Re6 38. h5 Be8 39. Rf5 Re7 40. h6 Bg6 41. Rf6
Bh5 42. c5 c6 43. Rd6 Bg4 44. Kg3 Be6 45. c4 Re8 46. Kh4 Kg6 47. Rd1 Kf5 48. Rg1
Rg8 49. Bg5 Bf7 50. Rg2 Bg6 51. Rg1 Bh7 52. Rg3 Rg6 53. Be3 Rxg3 54. fxg3 Kf6
55. Kh5 Bg6+ 56. Kh4 Bh7 57. g4 Kg6 58. Kg3 Kf6 59. Kf2 Bg6 60. Bd2 Bh7 61. Kg3
Bg6 62. Kh4 Bh7 63. Bc1 Kg6 64. Bg5 Bg8 65. Bd2 Bh7 66. Kg3 Kf6 67. Bc3 Bg6 68.
Kf2 Bh7 69. Ke3 Bg6 70. b4 Kg5 71. Bxe5 Kxg4 72. b5 Bh7 73. Bc3 Bg6 74. Kd4 Kf5
75. Bd2 Bh7 76. b6 Bg6 77. Bc3 Bh7 78. Ke3 Bg6 79. Bg7 Bh7 80. Bf8 Bg8 81. Bd6
Bh7 82. Kf2 Kg4 1/2-1/2

[Event "Isle of Man Open"]
[Site "Douglas"]
[Date "25.10.2018"]
[Round "6.67"]
[White "Dubinski, Mateusz"]
[Black "Moksh, Amit Doshi"]
[Result "1-0"]
[WhiteTitle "FM"]
[WhiteElo "2327"]
[BlackElo "2224"]
[WhiteFideId "1125923"]
[BlackFideId "25064967"]
[EventDate "2018.10.20"]

1. d4 Nf6 2. Nf3 g6 3. Bf4 Bg7 4. e3 O-O 5. Be2 d6 6. h3 c5 7. c3 b6 8. O-O Bb7
9. Nbd2 Nbd7 10. a4 a6 11. Bh2 Ra7 12. Qb3 Qa8 13. Nc4 Bd5 14. Qa3 Qb7 15. b4
cxb4 16. Qxb4 Rc8 17. Na3 Qc7 18. c4 Ba8 19. Rfc1 Ne4 20. Nc2 Qd8 21. Qa3 e5 22.
dxe5 dxe5 23. Nb4 Qe7 24. Qb2 Ng5 25. Nd5 Nxf3+ 26. Bxf3 Bxd5 27. Bxd5 e4 28.
Qd2 Bxa1 29. Rxa1 Nf6 30. Rb1 Nxd5 31. cxd5 Qc5 32. Bf4 h5 33. d6 Rd7 34. Qb2
Rc6 35. Bh6 f5 36. Bf4 Qd5 37. Rc1 Rxc1+ 38. Qxc1 Qc5 39. Qb2 b5 40. Qf6 Kh7 41.
Qf8 Qd5 42. Qh6+ Kg8 43. Qxg6+ Rg7 44. Qe8+ Kh7 45. Qxh5+ Kg8 46. axb5 axb5 47.
Qe8+ Kh7 48. Be5 Qf7 49. Qxb5 Rg8 50. Qa5 Rc8 51. Bd4 Qd7 52. Qe5 Re8 53. Qf6
Rc8 54. Be5 Ra8 55. Qh4+ Kg6 56. g4 fxg4 57. hxg4 Kf7 58. Qf6+ Ke8 59. Qh8+ Kf7
60. Qh7+ Ke6 61. Qf5+ 1-0

[Event "Isle of Man Open"]
[Site "Douglas"]
[Date "25.10.2018"]
[Round "6.68"]
[White "Lorscheid, Gerhard"]
[Black "Bellin, Robert"]
[Result "1/2-1/2"]
[WhiteTitle "FM"]
[BlackTitle "IM"]
[WhiteElo "2205"]
[BlackElo "2326"]
[WhiteFideId "4606000"]
[BlackFideId "400343"]
[EventDate "2018.10.20"]

1. d4 Nf6 2. c4 c5 3. d5 e5 4. Nc3 d6 5. g3 Be7 6. Bg2 O-O 7. e4 a6 8. a4 Nbd7
9. Nf3 Ne8 10. O-O g6 11. Ne1 Ng7 12. Nd3 f5 13. f4 Bf6 14. Ra3 exf4 15. Bxf4
Bd4+ 16. Kh1 Ne5 17. Nxe5 dxe5 18. Bc1 Qe7 19. a5 Ne8 20. Na4 Nd6 21. Nb6 Rb8
22. Bh6 Rf7 23. Qe2 Nxe4 24. Bxe4 fxe4 25. Rxf7 Qxf7 26. Nxc8 Rxc8 27. Kg2 e3
28. Bxe3 Rf8 29. Bxd4 cxd4 30. Rf3 Qe7 31. Rxf8+ Kxf8 32. Kf3 Qf6+ 33. Kg2 Qe7
34. Kf3 Qf6+ 35. Kg2 1/2-1/2

[Event "Isle of Man Open"]
[Site "Douglas"]
[Date "25.10.2018"]
[Round "6.69"]
[White "Kolbus, Dietmar"]
[Black "Chennaoui, Yasin"]
[Result "1-0"]
[WhiteTitle "IM"]
[WhiteElo "2313"]
[BlackElo "2050"]
[WhiteFideId "4610628"]
[BlackFideId "1330667"]
[EventDate "2018.10.20"]

1. c4 Nf6 2. Nc3 e5 3. Nf3 Nc6 4. e3 Bb4 5. Qc2 O-O 6. Nd5 Re8 7. Qf5 d6 8.
Nxf6+ gxf6 9. Qc2 e4 10. Ng1 d5 11. cxd5 Qxd5 12. a3 Bd6 13. Ne2 Be5 14. Nc3
Bxc3 15. Qxc3 Ne5 16. b4 Bg4 17. Bb2 c5 18. bxc5 Rac8 19. Qd4 Qb3 20. Qb4 Nd3+
21. Bxd3 Qxd3 22. f3 Bh5 23. Qd4 Red8 24. Qxd3 Rxd3 25. Bd4 exf3 26. gxf3 Bxf3
27. Rf1 Be4 28. Rxf6 Rc6 29. Rd6 f5 30. Rd8+ Kf7 31. Rd7+ Kf8 32. Rxb7 Rg6 33.
Rb8+ Ke7 34. O-O-O Rxa3 35. d3 Rxd3 36. Rxd3 Bxd3 37. Rb7+ Ke6 38. Rxa7 Rg1+ 39.
Kd2 Be4 40. Rxh7 f4 41. Rh4 fxe3+ 42. Kxe3 Bd5 43. Rh6+ Kf5 44. Rh5+ Rg5 45. Rh6
Rg6 46. Rxg6 Kxg6 47. Kf4 Kf7 48. Ke5 Bf3 49. Kd6 Ke8 50. Bf6 Kf7 51. Bg5 Ke8
52. h4 Bg2 53. h5 Bf3 54. h6 Be4 55. c6 Bf5 56. Kc7 Kf7 57. Kd8 Kg6 58. Bd2 Be4
59. c7 Bb7 60. c8=Q Bxc8 61. Kxc8 Kf6 62. Kd7 Kf7 63. Kd6 Kf6 64. Kd5 Kf7 65.
Ke5 Kg6 66. Ke6 Kh7 67. Kf5 Kh8 68. Kg6 Kg8 69. Bb4 Kh8 70. Bc5 Kg8 71. h7+ Kh8
72. Bd4# 1-0

[Event "Isle of Man Open"]
[Site "Douglas"]
[Date "25.10.2018"]
[Round "6.70"]
[White "Bopp, Thomas"]
[Black "Kulkarni, Rakesh"]
[Result "0-1"]
[WhiteElo "2160"]
[BlackElo "2297"]
[WhiteFideId "4656113"]
[BlackFideId "5037077"]
[EventDate "2018.10.20"]

1. d4 Nf6 2. Nf3 c5 3. d5 e6 4. Nc3 exd5 5. Nxd5 Nxd5 6. Qxd5 Be7 7. g3 Nc6 8.
c3 d6 9. Bg2 Be6 10. Qd3 d5 11. O-O O-O 12. Rd1 h6 13. b3 Bf6 14. Bb2 Qa5 15.
Ne1 Rad8 16. Qe3 d4 17. cxd4 Nxd4 18. Bc3 Qxc3 0-1

[Event "Isle of Man Open"]
[Site "Douglas"]
[Date "25.10.2018"]
[Round "6.71"]
[White "Byron, Alan M"]
[Black "Enkhtuul, Altan-Ulzii"]
[Result "1-0"]
[BlackTitle "WGM"]
[WhiteElo "2136"]
[BlackElo "2295"]
[WhiteFideId "401773"]
[BlackFideId "4901444"]
[EventDate "2018.10.20"]

1. e4 Nf6 2. e5 Nd5 3. d4 d6 4. Nf3 Bg4 5. Be2 e6 6. O-O Be7 7. h3 Bh5 8. c4 Nb6
9. exd6 cxd6 10. Nc3 O-O 11. Be3 d5 12. c5 Bxf3 13. gxf3 Nc8 14. f4 Bf6 15. Rc1
Nc6 16. b4 a6 17. Rb1 N8e7 18. Bg4 g6 19. Ne2 h5 20. Bf3 Nf5 21. a4 Bg7 22. Qd3
Qf6 23. Rfd1 Nh4 24. Bh1 a5 25. b5 Nb4 26. Qd2 Kh8 27. Kh2 Rfc8 28. Rb3 Nf5 29.
Ng3 Nh4 30. Ne2 Kh7 31. Rc3 Bh6 32. Ng3 Rg8 33. Rg1 Rac8 34. Ne2 Nf5 35. Ng3
Nxe3 36. fxe3 h4 37. Ne2 g5 38. Rg4 Qe7 39. fxg5 Rxg5 40. Rc1 Rxg4 41. hxg4 Qg5
42. Rf1 Rf8 43. Rf3 Qxg4 44. Nc1 f5 45. Ne2 Rg8 46. Rf1 Qg5 47. Rf3 Qg7 48. Rh3
Qc7+ 49. Nf4 Rg4 50. Rf3 Qb8 51. Bg2 Rg7 52. Kh1 Qe8 53. Qf2 Bg5 54. Bh3 Kh8 55.
Bf1 Qe7 56. Bh3 Qe8 57. Bf1 Bd8 58. Bh3 Qg8 59. Kh2 Qe8 60. Bf1 Rg4 61. Bh3 Rg7
62. Bf1 Qg8 63. Bh3 Qe8 64. b6 Nc6 65. Ng2 Rh7 66. Nf4 Rg7 67. Bf1 Bg5 68. Bb5
Qc8 69. Nh3 Be7 70. Nf4 Bg5 71. Qe1 Nb4 72. Nh3 Nc2 73. Qf2 Qb8+ 74. Kh1 Bxe3
75. Rxe3 Nxe3 76. Qxe3 Qg8 77. Qh6+ Rh7 78. Qf6+ Qg7 79. Qd8+ Qg8 80. Qxg8+ Kxg8
81. c6 bxc6 82. Bxc6 Rh8 83. b7 Kf7 84. Bd7 Rb8 85. Bc8 1-0

[Event "Isle of Man Open"]
[Site "Douglas"]
[Date "25.10.2018"]
[Round "6.72"]
[White "Stefansson, Vignir Vatnar"]
[Black "Grant, Jonathan I M"]
[Result "0-1"]
[WhiteTitle "FM"]
[WhiteElo "2291"]
[BlackElo "2203"]
[WhiteFideId "2308649"]
[BlackFideId "2400294"]
[EventDate "2018.10.20"]

1. e4 c6 2. d4 d5 3. f3 dxe4 4. fxe4 e5 5. Nf3 Bg4 6. c3 Nd7 7. Be2 Bd6 8. O-O
Ngf6 9. Bg5 Qc7 10. Nbd2 O-O 11. Bxf6 Nxf6 12. Nc4 Bxf3 13. Bxf3 Rad8 14. Qe1
Rfe8 15. Rd1 b5 16. Nxd6 Qxd6 17. Qe3 Qc7 18. Rfe1 h6 19. Qd3 a6 20. Qe3 Re7 21.
Re2 c5 22. Red2 exd4 23. cxd4 cxd4 24. Rxd4 Rxd4 25. Rxd4 Qb6 26. Qf2 Re8 27.
Rd2 Qxf2+ 28. Kxf2 Nxe4+ 29. Bxe4 Rxe4 30. b3 Re6 31. Rd7 Rc6 32. Rd2 g6 33. Ke3
Kg7 34. Ke4 h5 35. g3 b4 36. Rd5 Rc2 37. Ra5 Rxh2 38. Rxa6 Rg2 39. Kf3 Rc2 40.
Ra4 g5 41. Rxb4 Rxa2 42. Rb8 Kg6 43. Rb5 g4+ 44. Kf4 Rf2+ 45. Ke4 Rf3 0-1

[Event "Isle of Man Open"]
[Site "Douglas"]
[Date "25.10.2018"]
[Round "6.73"]
[White "Stanetzek, Carsten"]
[Black "Wallace, John Paul"]
[Result "0-1"]
[BlackTitle "IM"]
[WhiteElo "2192"]
[BlackElo "2377"]
[WhiteFideId "4616634"]
[BlackFideId "3200957"]
[EventDate "2018.10.20"]

1. e4 c5 2. Nf3 Nc6 3. Bb5 g6 4. O-O Bg7 5. Bxc6 bxc6 6. Re1 Nh6 7. c3 O-O 8. h3
f5 9. d3 d6 10. Na3 e5 11. Nc4 Nf7 12. Qa4 Bd7 13. Na5 d5 14. Be3 c4 15. exf5
cxd3 16. fxg6 hxg6 17. Nb7 Qc8 18. Nc5 e4 19. Nxd7 Qxd7 20. Nd2 Ne5 21. Qd1 Rf7
22. Rc1 Raf8 23. Rf1 Nf3+ 24. Nxf3 Rxf3 25. Bc5 R8f7 26. Qd2 Kh7 27. gxf3 Bh6
28. Be3 Qxh3 29. Bxh6 Rf5 30. fxe4 Qg4+ 0-1

[Event "Isle of Man Open"]
[Site "Douglas"]
[Date "25.10.2018"]
[Round "6.74"]
[White "Shaw, Peter"]
[Black "Mortazavi, Ali"]
[Result "0-1"]
[BlackTitle "IM"]
[WhiteElo "2096"]
[BlackElo "2353"]
[WhiteFideId "411361"]
[BlackFideId "401323"]
[EventDate "2018.10.20"]

1. d4 Nf6 2. c4 c5 3. d5 g6 4. Nc3 Bg7 5. e4 O-O 6. Nf3 d6 7. Be2 e6 8. O-O Na6
9. h3 Nc7 10. Bf4 e5 11. Bg5 h6 12. Be3 Kh7 13. Ne1 Bd7 14. a4 Nfe8 15. Nd3 f5
16. f4 exf4 17. Nxf4 Qe7 18. Qc2 Nf6 19. Rae1 Nxe4 20. Nxe4 fxe4 21. Ne6 Nxe6
22. Qxe4 Rae8 23. Qxg6+ Kxg6 24. Bd3+ Kh5 25. Be2+ Kh4 26. dxe6 Qxe6 27. Bf4
Bd4+ 28. Kh2 Rxf4 0-1

[Event "Isle of Man Open"]
[Site "Douglas"]
[Date "25.10.2018"]
[Round "6.75"]
[White "Bellon Lopez, Juan Manuel"]
[Black "Dahl, Baard"]
[Result "0-1"]
[WhiteTitle "GM"]
[WhiteElo "2342"]
[BlackElo "2113"]
[WhiteFideId "2200031"]
[BlackFideId "444251"]
[EventDate "2018.10.20"]

1. d4 Nf6 2. Bg5 e6 3. e3 h6 4. Bxf6 Qxf6 5. Nd2 b6 6. Ngf3 c5 7. c3 Qd8 8. Bd3
Be7 9. Qa4 O-O 10. Rd1 Bb7 11. O-O Nc6 12. Ba6 Bxa6 13. Qxa6 cxd4 14. exd4 d5
15. Rfe1 Qc8 16. Qd3 Qc7 17. Nf1 Rab8 18. Ne5 Nxe5 19. Rxe5 b5 20. a3 a5 21. Ne3
Rfc8 22. g3 b4 23. cxb4 axb4 24. a4 b3 25. f4 Bf6 26. Rh5 Rb4 27. f5 Bxd4 28.
fxe6 fxe6 29. Kh1 Qf7 30. Nxd5 exd5 31. Rh4 Rc2 32. Rf4 Qh5 33. h4 Bc5 34. Rxb4
Bxb4 35. Rf1 Qe5 36. Qxb3 Rxb2 0-1

[Event "Isle of Man Open"]
[Site "Douglas"]
[Date "25.10.2018"]
[Round "6.76"]
[White "Laustsen, Lars"]
[Black "Schroer, Marcel"]
[Result "1-0"]
[WhiteElo "2236"]
[BlackElo "2064"]
[WhiteFideId "1407554"]
[BlackFideId "1012908"]
[EventDate "2018.10.20"]

1. d4 Nf6 2. c4 g6 3. g3 Bg7 4. Bg2 O-O 5. Nc3 d6 6. Nf3 c6 7. O-O Qa5 8. e4 e5
9. Re1 Nbd7 10. h3 exd4 11. Nxd4 Re8 12. Be3 Ne5 13. Bf1 c5 14. Nb3 Qb4 15. a3
Qb6 16. Nd2 Qd8 17. Qc2 Nc6 18. Rad1 Qe7 19. Nb3 Ne5 20. Kg2 Qe6 21. Kh1 Nf3 22.
Re2 Ng4 23. Bf4 Nge5 24. Nd5 g5 25. Bxe5 Bxe5 26. Rd3 Qh6 27. Rxf3 Bxh3 28. Bxh3
Qxh3+ 29. Kg1 Re6 30. Rf5 Rh6 31. Rxg5+ Kh8 32. f4 Qh1+ 33. Kf2 Rh2+ 34. Ke3
Bd4+ 35. Nxd4 Qg1+ 36. Kd2 Qxd4+ 37. Qd3 Qxb2+ 38. Ke3 Qc1+ 39. Qd2 Qxa3+ 40.
Qc3+ Qxc3+ 41. Nxc3 Rh1 42. Nb5 Rd1 43. Rd2 Rxd2 44. Kxd2 h6 45. Rf5 Kg7 46.
Nxd6 b6 47. Rxf7+ Kg6 48. e5 a5 49. e6 a4 50. e7 a3 51. Rf8 1-0

[Event "Isle of Man Open"]
[Site "Douglas"]
[Date "25.10.2018"]
[Round "6.77"]
[White "Allen, Keith"]
[Black "Jonsson, Gauti Pall"]
[Result "1-0"]
[WhiteElo "2216"]
[BlackElo "2073"]
[WhiteFideId "2501147"]
[BlackFideId "2309092"]
[EventDate "2018.10.20"]

1. d4 Nf6 2. c4 e6 3. Nc3 Bb4 4. Qc2 O-O 5. a3 Bxc3+ 6. Qxc3 b6 7. Bg5 Bb7 8. e3
d6 9. Nf3 Nbd7 10. Be2 Qe8 11. Nd2 Bxg2 12. Rg1 Be4 13. O-O-O Kh8 14. Rg3 h6 15.
h4 c6 16. Rdg1 Rg8 17. Bxh6 gxh6 18. Rxg8+ Nxg8 19. Nxe4 d5 20. Nd6 Qe7 21. c5
Ngf6 22. Kb1 Rb8 23. Ka2 Nf8 24. e4 dxe4 25. Qe3 N8h7 26. Qxh6 Rg8 27. Rxg8+
Kxg8 28. Qf4 bxc5 29. dxc5 Nd7 30. b4 f5 31. f3 exf3 32. Bxf3 Qg7 33. Bxc6 Ne5
34. Ne8 Nd3 35. Nxg7 Nxf4 36. Ne8 Kf7 37. Kb3 Ne2 38. Kc4 Ke7 39. b5 Kd8 40. b6
axb6 41. cxb6 Kc8 42. a4 1-0

[Event "Isle of Man Open"]
[Site "Douglas"]
[Date "25.10.2018"]
[Round "6.78"]
[White "Sipos, Silvester"]
[Black "Leutwyler, Martin"]
[Result "0-1"]
[WhiteElo "2050"]
[BlackElo "2142"]
[WhiteFideId "444260"]
[BlackFideId "1301969"]
[EventDate "2018.10.20"]

1. e4 c6 2. d4 d5 3. exd5 cxd5 4. Bd3 Nc6 5. Nf3 Bg4 6. c3 Qc7 7. h3 Bh5 8. Nbd2
e6 9. Nf1 Bd6 10. Ne3 Nf6 11. O-O O-O 12. g4 Bg6 13. Bxg6 hxg6 14. Ng2 b5 15.
Qd3 b4 16. Be3 bxc3 17. bxc3 Na5 18. Ngh4 Ne4 19. Rac1 Rab8 20. Ng5 Nxg5 21.
Bxg5 Rb2 22. Rc2 Rfb8 23. Re1 Rxc2 24. Qxc2 Nc4 25. Re2 Na3 26. Qd3 Rc8 27. Bd2
Qc4 28. Qf3 Nb1 29. Be1 a5 30. Ng2 Qc7 31. Ne3 Qb6 32. Nd1 Na3 33. Rb2 Qc7 34.
Qd3 Nc4 35. Rb5 Qc6 36. a4 Bc7 37. Ne3 Nxe3 38. Qxe3 Qc4 39. Rc5 Qxa4 40. Qd3
Qd7 41. Qa6 Rb8 42. Rc6 Bf4 43. Rc5 Bc7 44. Rc6 Qd8 45. Qa7 Bf4 46. Qa6 Ra8 47.
Qb5 a4 48. c4 a3 49. Bc3 Bc1 50. c5 a2 51. Qb7 Bd2 52. Ba1 Qa5 53. Rc7 Bh6 54.
Kg2 Rf8 55. Qb2 Bf4 56. Rb7 Ra8 57. Rb5 Qe1 58. Rb3 Bc7 59. Rf3 Qb1 60. Rb3 Qe4+
61. Kg1 Qe1+ 62. Kg2 Qe4+ 63. Kf1 Bf4 64. Qc3 Qh1+ 65. Ke2 Qe4+ 66. Kf1 Ra4 67.
Qd3 Qh1+ 68. Ke2 Qxa1 0-1

[Event "Isle of Man Open"]
[Site "Douglas"]
[Date "25.10.2018"]
[Round "6.79"]
[White "Burrows, Martin P"]
[Black "Harari, Zaki"]
[Result "1-0"]
[WhiteElo "2121"]
[BlackElo "2055"]
[WhiteFideId "409057"]
[BlackFideId "2002639"]
[EventDate "2018.10.20"]

1. e4 e5 2. Nf3 Nc6 3. Bb5 a6 4. Ba4 d6 5. O-O Bd7 6. c3 Nf6 7. Re1 b5 8. Bc2 g6
9. d4 Bg7 10. Nbd2 O-O 11. d5 Ne7 12. c4 c5 13. dxc6 Nxc6 14. cxb5 axb5 15. Nf1
Qc7 16. h3 Rfc8 17. Bg5 Be6 18. Bxf6 Bxf6 19. Bb3 Nd4 20. Nxd4 exd4 21. Bxe6
fxe6 22. Qg4 Qf7 23. Qe2 Rc5 24. Qd3 Qc7 25. Re2 Qc6 26. Kh2 Rc8 27. Nd2 Rc2 28.
Rb1 Qc5 29. a3 Kg7 30. g3 e5 31. h4 Qc6 32. Kg2 Qa6 33. Nf3 Rxe2 34. Qxe2 Qc6
35. Ne1 Qc4 36. Nd3 Qa2 37. Re1 Bd8 38. Qg4 Rc7 39. Rc1 Rxc1 40. Qd7+ Kh6 41.
Qxd8 Rc2 42. Qf8+ Kh5 43. Qf6 Kh6 44. g4 1-0

[Event "Isle of Man Open"]
[Site "Douglas"]
[Date "25.10.2018"]
[Round "6.80"]
[White "Vidic, Teja"]
[Black "Mai, Aron Thor"]
[Result "1-0"]
[WhiteTitle "WFM"]
[WhiteElo "2116"]
[BlackElo "2063"]
[WhiteFideId "14605511"]
[BlackFideId "2313383"]
[EventDate "2018.10.20"]

1. e4 c6 2. d4 d5 3. Nc3 dxe4 4. Nxe4 Bf5 5. Ng3 Bg6 6. Bc4 e6 7. N1e2 Nf6 8.
Nf4 Bd6 9. h4 Qc7 10. Nge2 Bf5 11. Be3 Nbd7 12. Bd3 Bxd3 13. Qxd3 Nd5 14. Nxd5
cxd5 15. O-O Rc8 16. c3 Qc4 17. Qd2 Nf6 18. Bf4 Bxf4 19. Nxf4 O-O 20. Nd3 Qc7
21. Rfe1 Ne4 22. Qe2 Qd8 23. Qg4 Nf6 24. Qh3 Ne4 25. Re3 Kh8 26. Rae1 Rc7 27.
Qg4 Nf6 28. Qf4 Ne4 29. Ne5 Qe7 30. Rf3 Nd6 31. h5 Nc4 32. h6 g6 33. Nxc4 Rxc4
34. Qe5+ f6 35. Qxe6 Qxe6 36. Rxe6 f5 37. Re7 b5 38. Rxa7 f4 39. Rxf4 Re8 40.
Rff7 b4 41. Rxh7+ Kg8 42. Rag7+ 1-0

[Event "Isle of Man Open"]
[Site "Douglas"]
[Date "26.10.2018"]
[Round "7.1"]
[White "Vachier-Lagrave, Maxime"]
[Black "Naiditsch, Arkadij"]
[Result "1/2-1/2"]
[WhiteTitle "GM"]
[BlackTitle "GM"]
[WhiteElo "2780"]
[BlackElo "2721"]
[WhiteFideId "623539"]
[BlackFideId "4650891"]
[EventDate "2018.10.20"]

1. e4 e5 2. Nf3 Nc6 3. Bb5 Nf6 4. d3 d6 5. O-O Be7 6. c3 O-O 7. Re1 a6 8. Ba4
Re8 9. Nbd2 Bf8 10. Nf1 h6 11. Ng3 b5 12. Bb3 Be6 13. Bxe6 Rxe6 14. a4 b4 15. d4
d5 16. dxe5 Nxe4 17. c4 Nxe5 18. cxd5 Nxf2 19. Kxf2 Ng4+ 20. Kf1 Rxe1+ 21. Qxe1
Qxd5 22. Qe4 Qd1+ 23. Qe1 Qd5 24. Qe4 Qd1+ 25. Qe1 1/2-1/2

[Event "Isle of Man Open"]
[Site "Douglas"]
[Date "26.10.2018"]
[Round "7.4"]
[White "Artemiev, Vladislav"]
[Black "Kramnik, Vladimir"]
[Result "1/2-1/2"]
[WhiteTitle "GM"]
[BlackTitle "GM"]
[WhiteElo "2706"]
[BlackElo "2779"]
[WhiteFideId "24101605"]
[BlackFideId "4101588"]
[EventDate "2018.10.20"]

1. c4 Nf6 2. Nf3 e6 3. b3 b6 4. g3 Bb7 5. Bg2 Be7 6. Bb2 O-O 7. O-O c5 8. Nc3 d5
9. e3 Qc8 10. Rc1 Rd8 11. cxd5 Nxd5 12. Nxd5 Bxd5 13. d4 a5 14. dxc5 bxc5 15.
Nh4 Bxg2 16. Qg4 Bf8 17. Nxg2 Rd2 18. Bd4 Nd7 19. a4 Qb7 20. Bc3 Rd6 21. Rfd1
Rxd1+ 22. Rxd1 Nb6 23. Nf4 Qe4 24. h3 c4 25. bxc4 Nxa4 26. Ba1 Nc5 27. Rd4 Qb1+
28. Rd1 Qe4 29. Rd4 Qc2 30. Nh5 Qg6 31. Qf3 Rb8 32. Bc3 f5 33. Bxa5 Qf7 34. Rd1
Ne4 35. Nf4 h6 36. Qe2 Kh7 37. Qh5 Qxh5 38. Nxh5 Rb2 39. Be1 e5 40. g4 fxg4 41.
hxg4 Rc2 42. Rd8 Bc5 43. Kf1 Rxc4 44. Rc8 Rc1 45. Rc7 Kh8 46. Ke2 Bxe3 47. Rxg7
Bg5 48. Rg6 Kh7 49. Rg7+ Kh8 50. Ra7 Bh4 51. Rf7 Nd6 52. Rf8+ Kh7 53. Bb4 Rc6
54. f3 Bg5 55. Ra8 Nb5 56. Kd3 Rc7 57. Ba5 Rf7 58. Ke4 Nd4 59. Kxe5 Nxf3+ 60.
Ke6 Re7+ 61. Kd6 Ne5 62. Bc3 Nf7+ 63. Kd5 Rd7+ 64. Ke4 Re7+ 1/2-1/2